000 00478nam a2200205Ia 4500
003 OSt
005 20251211125522.0
008 250729s2003 xx 000 0 und d
020 _a978-8196173647
040 _cAL
041 _aeng
082 _a954 HEBH
100 _aHebbar V R
_9226764
245 _aHistory of india(1206-1856)
260 _aMangalore
_c2003
300 _a456p
650 _aHistory
_9226765
700 _aRao Digumurthi
_9226766
942 _2ddc
_cBED
999 _c237414
_d237414